000 00570nam a22002057a 4500
003 OSt
005 20140310182847.0
008 130613t xxu||||| |||| 00| 0 eng d
020 _a11402199
050 _aBX 3004
_b.G822 1992
082 _aM 920.927
_bB43g 1992
245 _aSaint Benedict :
_blife and miracles /
_cGregory the great
260 _aFrance :
_bSecretariat Aide Inter-Monasteres,
_c1992.
300 _a115 p. :
_bill. ;
_c21 cm.
521 _acollege students
526 _c1210L-1700L
541 _j1
562 _e1
942 _2lcc
_cBK
_kM
999 _c16937
_d16937